• 首页
  • 本馆介绍
  • 公告通知
  • 最新文献
  • 馆藏检索
  • 电子资源
  • 读者导购
  • 参考咨询
  • 我的图书馆
  • 登录
  • 详细信息显示
  • 放入我的书架
  • 预约/预借图书
  • 作者相关作品
  • 分类相关作品
  • 丛书相关作品
  • 出版社相关作品

书目信息

  • 表格格式
  • 工作单格式
  • 卡片格式
题名:
简·爱
    
 
作者: 夏洛蒂·勃朗特 著 ;曾凡海 , 吴江皓 译
分册:  
出版信息: 北京   北京燕山出版社  1995.06(2001、11重印)
页数: 469页
开本: 32开
丛书名: 世界文学文库
单 册:
中图分类: I561.44
科图分类:
主题词: 文学
电子资源:
ISBN: 7-5402-0704-3
000 00737nam0 2200241 45
001 0206281582
005 20020628152653.0
010    @a7-5402-0704-3@d13.50元
100    @a20020628d1995 km y0chiy0120 ea
101 0  @achi
105    @a z 000yy
200 1  @a简·爱@AJian·Ai@f(英)夏洛蒂·勃朗特著@F(Ying)Xia Luo Di·Bo Lang Te Zhu@g曾凡海,吴江皓译
210    @a北京@c北京燕山出版社@d1995.06(2001、11重印)
215    @a469页@d32开
225    @a世界文学文库
410    @12001 @a世界文学文库
606 0  @a文学
690    @aI561.44@v3
701  0 @a夏洛蒂·勃朗特@4著
702  0 @a曾凡海@ACeng Fan Hai@4译
702  0 @a吴江皓@AWu Jiang Hao@4译
801    @aCN@bPftUser@c20020628
905    @aBZT@b341985-987@dI561.44@e10@f3
    
    简·爱/(英)夏洛蒂·勃朗特著/曾凡海,吴江皓译.-北京:北京燕山出版社,1995.06(2001、11重印)
    469页;32开.-(世界文学文库)
    
    
    ISBN 7-5402-0704-3:13.50元
    
●
相关链接 在五车中查询图书 在当当中查询图书 在豆瓣中查询图书


正题名:简·爱     索取号:I561.44/10         预约/预借

序号 登录号 条形码 馆藏地/架位号 状态 备注
1 341985   200640360   中心书库中库/打包BH0179/ [索取号:I561.44/10] 在馆    
2 341987   201402008   中心书库中库/打包BH0179/ [索取号:I561.44/10] 在馆    
山东省滨州职业学院图书馆 欢迎您!
大连网信软件有限公司© 版权所有